| 000 | 01012nam a22002897a 4500 | ||
|---|---|---|---|
| 001 | 4487 | ||
| 003 | FISKH | ||
| 005 | 20240912092315.0 | ||
| 008 | 240912b cb ||||| |||| 00| 0 eng d | ||
| 020 | _a9780545057042 | ||
| 040 |
_aFISKH _beng _cFISKH _dFISKH |
||
| 050 | _aPZ7.R4829 | ||
| 082 | _2813.6 | ||
| 100 |
_aRiordan, Rick _d1964- |
||
| 245 |
_aThe titan's curse / _cRick Riordan |
||
| 250 | _aFirst printing in 2008 | ||
| 260 |
_aNew York : _bScholastic, _c2008. |
||
| 300 |
_a312 pages : _c20 cm |
||
| 505 | _aO | ||
| 520 | _aWhen the goddess Artemis disappears while hunting a rare, ancient monster, a group of her followers joins Percy and his friends in an attempt to find and rescue her before the winter solstice, when her influence is needed to sway the Olympian Council regarding the war with the Titans. | ||
| 521 | 8 |
_a630L
_bLexile |
|
| 521 | 8 |
_aO
_bRaz-Plus |
|
| 650 |
_2Fantasy _aYoung adult _vSeries |
||
| 650 |
_2Adventure _aAction |
||
| 942 |
_2ddc _cBK _n0 |
||
| 999 |
_c4487 _d4487 |
||